00499nam a2200193 a 4500001001300000003000900013005001700022008004100039020002300080082001900103100001800122245002700140260005000167300000900217500003500226505001000261650001600271700001800287nice12345678IN_TiNIC20260116013319.0050524s1999 newa grp 000 0 eng  a8176480 c60000a305.40954bPAC aPachauri, S K aWomen and Human Rights aNew DelhibA.P.H.Publishing Corporationc1999 a297p aincludes index and biblioraphy2 aIndex aWomen-India1 aPachauri, S K